ASP cơ sở dữ liệu căn bản và chuyên sâu

Kaydedildi:
Detaylı Bibliyografya
Materyal Türü: Kitap
Dil:Undetermined
Baskı/Yayın Bilgisi: H. Thống kê 2002
Konular:
Etiketler: Etiketle
Etiket eklenmemiş, İlk siz ekleyin!
Thư viện lưu trữ: Trung tâm Học liệu Trường Đại học Cần Thơ
LEADER 00572nam a2200169Ia 4500
001 CTU_50017
008 210402s9999 xx 000 0 und d
082 |a 005.3 
082 |b A188/T2 
245 0 |a ASP cơ sở dữ liệu căn bản và chuyên sâu 
245 0 |c PHÂN VIỆN BÁO CHÍ TUYÊN TRUYỀN; Dịch giả: VN-Guide, VN-Guide 
260 |a H. 
260 |b Thống kê 
260 |c 2002 
650 |a Database management,Client/server computing 
650 |x Computer programs 
980 |a Trung tâm Học liệu Trường Đại học Cần Thơ